书目信息 |
| 题名: |
精神的追寻
|
|
| 作者: | 郭永玉 著 | |
| 分册: | ||
| 出版信息: | 武昌 华中师范大学出版社 2002 |
|
| 页数: | 336页 | |
| 开本: | 19cm | |
| 丛书名: | 心理学研究系列 | |
| 单 册: | ||
| 中图分类: | B84-067 | |
| 科图分类: | ||
| 主题词: | 人本主义--心理学学派 | |
| 电子资源: | ||
| ISBN: | 7-5622-2599-0 | |
| 000 | 00883nam2 2200253 45 | |
| 001 | 0197022477 | |
| 005 | 20070720185013.46 | |
| 010 | @a7-5622-2599-0@dCNY20.00 | |
| 100 | @a19970731d2002 em y0chiy0121 ea | |
| 101 | 0 | @achi |
| 102 | @aCN@b310000 | |
| 105 | @ay z 000yy | |
| 200 | 10 | @a精神的追寻@AJing Shen De Zhui Xun@e超个人心理学及其治疗理论研究@EChao Ge Ren Xin Li Xue Ji Qi Zhi Liao Li Lun Yan Jiu@f郭永玉著@FGuo Yong Yu Zhu |
| 210 | @a武昌@c华中师范大学出版社@d2002 | |
| 215 | @a336页@d19cm | |
| 225 | 2 | @a心理学研究系列@f刘华山主编 |
| 410 | @1700 0@a刘华山@ALiu Hua Shan@4主编 | |
| 410 | @12001 @a心理学研究系列 | |
| 517 | @a超个人心理学及其治疗理论研究@AChao Ge Ren Xin Li Xue Ji Qi Zhi Liao LiLun Yan Jiu | |
| 606 | @a人本主义@x心理学学派 | |
| 690 | @aB84-067@v3 | |
| 701 | 0 | @a郭永玉@4著 |
| 801 | 0 | @aCN@bNLC@c20070720 |
| 905 | @b342151-158@dB84-067@e400@f8 | |
| 精神的追寻:超个人心理学及其治疗理论研究/郭永玉著.-武昌:华中师范大学出版社,2002 |
| 336页;19cm.-(心理学研究系列/刘华山主编) |
| ISBN 7-5622-2599-0:CNY20.00 |
| ● |
| 相关链接 |
|
|
|
|
正题名:精神的追寻
索取号:B84-067/400
 
预约/预借
| 序号 | 登录号 | 条形码 | 馆藏地/架位号 | 状态 | 备注 |
| 1 | 0342151 | 203421519 | 第一样本阅览室/ [索取号:B84-067/400] | 在馆 | |
| 2 | 0342152 | 203421528 | 密集书库/ [索取号:B84-067/400] | 在馆 | |
| 3 | 0342153 | 203421537 | 第一借阅区/ [索取号:B84-067/400] | 在馆 | |
| 4 | 0342154 | 203421546 | 密集书库/ [索取号:B84-067/400] | 在馆 | |
| 5 | 0342155 | 203421555 | 第一借阅区/ [索取号:B84-067/400] | 在馆 | |
| 6 | 0342156 | 203421564 | 密集书库/ [索取号:B84-067/400] | 在馆 | |
| 7 | 0342157 | 203421573 | 第一借阅区/ [索取号:B84-067/400] | 在馆 | |
| 8 | 0342158 | 203421582 | 密集书库/ [索取号:B84-067/400] | 在馆 | |
| 9 | 0769139 | 207691390 | 密集书库/ [索取号:B84-067/400] | 在馆 |